|
|
|
|
| LEADER |
01364nam a22003137a 4500 |
| 001 |
32379 |
| 008 |
171204s2009 enka b 001 0 eng |
| 999 |
|
|
|c 38631
|d 38631
|
| 020 |
|
|
|a 9780198527626 (cased)
|
| 020 |
|
|
|a 0198527624 (cased)
|
| 020 |
|
|
|a 0198527632 (pbk.)
|
| 020 |
|
|
|a 9780198527633 (pbk.)
|
| 040 |
|
|
|a UKM
|d BD-DhAAL
|
| 050 |
0 |
0 |
|a QA76.889
|b .B37 2009
|
| 082 |
|
|
|a 530.12
|
| 100 |
1 |
|
|a Barnett, S. M.
|q (Stephen M.)
|9 24157
|
| 245 |
1 |
0 |
|a Quantum information /
|c Stephen M. Barnett.
|
| 260 |
|
|
|a Oxford :
|b Oxford University Press,
|c 2009.
|
| 300 |
|
|
|a xi, 300 pages :
|b illustrations ;
|c 25 cm.
|
| 490 |
0 |
|
|a Oxford master series in physics. Atomic, optical and laser physics ;
|v 16
|
| 504 |
|
|
|a Includes bibliographical references and index.
|
| 526 |
|
|
|a AAL
|
| 541 |
|
|
|a Trim Education
|e 32379
|
| 650 |
|
0 |
|a Quantum computers.
|9 24158
|
| 650 |
|
0 |
|a Quantum theory.
|9 24159
|
| 650 |
|
0 |
|a Information theory.
|9 24160
|
| 942 |
|
|
|2 ddc
|c BK
|
| 952 |
|
|
|0 0
|1 0
|2 ddc
|4 0
|6 530_120000000000000_BAR
|7 0
|9 61978
|a BRACUL
|b BRACUL
|c GEN
|d 2017-11-27
|e Trim Education
|g 3551.00
|l 1
|m 7
|o 530.12 BAR
|p 3010032379
|r 2018-02-22
|s 2017-12-24
|t 2
|v 3551.00
|w 2017-11-27
|y BK
|
| 952 |
|
|
|0 0
|1 0
|2 ddc
|4 0
|6 530_120000000000000_BAR
|7 0
|9 62004
|a BRACUL
|b BRACUL
|c GEN
|d 2017-11-28
|e Trim Education
|g 3551.00
|l 2
|m 35
|o 530.12 BAR
|p 3010032369
|q 2026-07-01
|r 2023-12-10
|s 2023-12-10
|t 1
|v 3551.00
|w 2017-11-28
|y BK
|